| 000 | 00534nam a22001932 4500 | ||
|---|---|---|---|
| 001 | 0000009715 | ||
| 005 | 20151217155842.0 | ||
| 008 | 081119s xx 000 0 eng d | ||
| 040 |
_aKABU _cKABU |
||
| 100 | 1 |
_aOram, Nigel. _@0000161469 |
|
| 245 | 1 | 0 |
_aTowns in Africa / _cNigel Oram. |
| 250 | _a1st ed. | ||
| 260 |
_aLondon : _bO. U. P., _c1965. |
||
| 300 | _a98 p. | ||
| 650 | 0 |
_aCities and towns _zAfrica. _@0000158189 |
|
| 852 | 1 | _9p 100 KES | |
| 908 | _a081119 | ||
| 950 | _@1 | ||
| 999 |
_c13244 _d13244 |
||